Návrh mediálneho plánu vybranej značky bakalárska práca

Salvato in:
Dettagli Bibliografici
Autore principale: Trizuliaková, Erika
Ente Autore: Obchodná fakulta EU. Katedra marketingu
Altri autori: Loydlová, Miroslava
Natura: Libro
Lingua:slovacco
Pubblicazione: Bratislava 2018
Tags: Aggiungi Tag
Nessun Tag, puoi essere il primo ad aggiungerne!!

MARC

LEADER 00000nbm a2200000 4500
001 0245021
005 20180815092441.6
041 0 |a slo 
044 |a SK 
245 1 0 |a Návrh mediálneho plánu vybranej značky  |b bakalárska práca  |c Erika Trizuliaková ; školiteľ: Miroslava Loydlová 
264 1 |a Bratislava  |c 2018 
300 |a 62 s. 
100 1 |a Trizuliaková, Erika 
700 1 |a Loydlová, Miroslava 
710 2 |a Obchodná fakulta EU. Katedra marketingu